| 000 | 00422nam a22001697a 4500 | ||
|---|---|---|---|
| 003 | BD-DhUL | ||
| 005 | 20171120135838.0 | ||
| 008 | 171120snd. xx ||||| |||| 00| 0 per d | ||
| 040 |
_aBD-DhUL _cBD-DhUL |
||
| 082 |
_a891.551 _bNAN |
||
| 100 | 0 | _aNasir Khusrau | |
| 245 | 0 |
_aNasir bin Khusraus leben / _cNasir Khusrau |
|
| 260 |
_a: _b, _c. |
||
| 300 |
_a237 p. ; _c24 cm. |
||
| 650 | 0 | _aPersian poetry | |
| 942 |
_2ddc _cBK |
||
| 999 |
_c232225 _d232225 |
||